[Event "Titled Tuesday intern op 16th Apr Late"]
[Site "Chess.com INT"]
[Date "2024.04.16"]
[Round "1"]
[White "Wiegmann, Sascha"]
[Black "Guerrero Olmos, Sergio"]
[Result "0-1"]
[WhiteElo "2300"]
[BlackElo "2374"]
[PlyCount "100"]
[EventDate "2024.04.16"]
[EventType "swiss (blitz)"]
[EventRounds "11"]
[EventCountry "USA"]
[SourceTitle "CB17_2024"]
[SourceDate "2024.04.24"]
[SourceVersion "1"]
[SourceVersionDate "2024.04.24"]
[SourceQuality "1"]

1. Nf3 d5 2. g3 c6 3. Bg2 Bf5 4. 0-0 e6 5. d3 Nf6 6. Nbd2 h6 7. c4 Be7 8. a3 0-0 9. b4 a5 10. b5 cxb5 11. cxb5 Qb6 12. a4 Nbd7 13. Bb2 Rac8 14. Nb3 Bb4 15. Rc1 Rxc1 16. Qxc1 Qd6 17. Qa1 Re8 18. Ne5 Nb6 19. Rc1 Rc8 20. Rxc8+ Nxc8 21. Nf3 Qe7 22. Bd4 Ne8 23. Qc1 Qc7 24. Qxc7 Nxc7 25. Ne5 f6 26. Nd7 Kf7 27. e4 Bg6 28. Ndc5 e5 29. Bb2 b6 30. Na6 Nxa6 31. bxa6 d4 32. Bh3 Na7 33. Bc1 Ke7 34. Nd2 Bxd2 35. Bxd2 Be8 36. Bc1 Bxa4 37. Ba3+ Ke8 38. Bd6 Bb5 39. Bc7 Bxa6 40. Bxb6 Nc6 41. Be6 Bxd3 42. Bd5 Bb5 43. f3 a4 44. Bc5 Ne7 45. Ba2 Kd7 46. Kf2 Nc8 47. h4 Nd6 48. h5 Bc4 49. Bxc4 Nxc4 50. Ke2 a3 0-1

[Event "Titled Tuesday intern op 13th Feb Early"]
[Site "Chess.com INT"]
[Date "2024.02.13"]
[Round "5"]
[White "Guerrero Olmos, Sergio"]
[Black "Barbot, Pierre"]
[Result "1-0"]
[WhiteElo "2374"]
[BlackElo "2426"]
[PlyCount "57"]
[EventDate "2024.02.13"]
[EventType "swiss (blitz)"]
[EventRounds "11"]
[EventCountry "USA"]
[SourceTitle "CB08_2024"]
[SourceDate "2024.02.21"]
[SourceVersion "1"]
[SourceVersionDate "2024.02.21"]
[SourceQuality "1"]

1. d4 Nf6 2. Nf3 g6 3. Bf4 Bg7 4. e3 0-0 5. Be2 d6 6. h3 Nc6 7. 0-0 e5 8. Bh2 e4 9. Nfd2 h5 10. c4 Bf5 11. Nc3 Qd7 12. a3 a5 13. Rb1 Rfe8 14. b4 axb4 15. axb4 Ra3 16. Nb5 Ra2 17. c5 Rea8 18. cxd6 cxd6 19. Nxd6 Nd5 20. Bc4 Nc3 21. Qb3 R8a3 22. Bxf7+ Kh8 23. Qc4 Rxd2 24. Ra1 Ne2+ 25. Kh1 Rc3 26. Ra8+ Nd8 27. Be8 Qe7 28. Rxd8 Qxe8 29. Rxe8+ 1-0

[Event "Titled Tuesday intern op 28th Mar Early"]
[Site "Chess.com INT"]
[Date "2023.03.28"]
[Round "4"]
[White "Deac, Bogdan Daniel"]
[Black "Guerrero Olmos, Sergio"]
[Result "1-0"]
[WhiteElo "2700"]
[BlackElo "2374"]
[PlyCount "61"]
[EventDate "2023.03.28"]
[EventType "swiss (blitz)"]
[EventRounds "11"]
[EventCountry "USA"]
[SourceTitle "EXT 2024"]
[Source "ChessBase"]
[SourceDate "2023.10.10"]
[SourceVersion "1"]
[SourceVersionDate "2023.10.10"]
[SourceQuality "1"]

1. b3 d5 2. Bb2 Bf5 3. e3 Nf6 4. c4 e6 5. cxd5 exd5 6. Qf3 Bg6 7. Bxf6 Qxf6 8. Qxf6 gxf6 9. Ne2 Nc6 10. Nf4 Nb4 11. Nxg6 hxg6 12. Kd1 0-0-0 13. a3 Nc6 14. d4 f5 15. g3 Bg7 16. Nc3 a6 17. b4 Nxd4 18. exd4 Bxd4 19. Rc1 Bxf2 20. Bg2 c6 21. Ke2 Ba7 22. Kd3 Kb8 23. Rce1 Rde8 24. Rxe8+ Rxe8 25. Nd1 Kc7 26. h4 Kd6 27. h5 Rh8 28. hxg6 Rxh1 29. g7 Rxd1+ 30. Ke2 Rg1 31. Kf3 1-0

[Event "Titled Tuesday intern op 28th Mar Early"]
[Site "Chess.com INT"]
[Date "2023.03.28"]
[Round "2"]
[White "Guerrero Olmos, Sergio"]
[Black "Vastrukhin, Oleg"]
[Result "1-0"]
[WhiteElo "2374"]
[BlackElo "2343"]
[PlyCount "69"]
[EventDate "2023.03.28"]
[EventType "swiss (blitz)"]
[EventRounds "11"]
[EventCountry "USA"]
[SourceTitle "EXT 2024"]
[Source "ChessBase"]
[SourceDate "2023.10.10"]
[SourceVersion "1"]
[SourceVersionDate "2023.10.10"]
[SourceQuality "1"]

1. d4 g6 2. Nf3 Bg7 3. Bf4 d6 4. e3 Nd7 5. h3 e5 6. Bh2 Qe7 7. Be2 Ngf6 8. 0-0 0-0 9. c4 Ne4 10. Nbd2 Nxd2 11. Qxd2 b6 12. Rac1 Bb7 13. b4 a5 14. a3 f5 15. c5 dxc5 16. bxc5 bxc5 17. dxe5 Nxe5 18. Nxe5 Bxe5 19. Bxe5 Qxe5 20. Rc3 f4 21. Rfc1 fxe3 22. Rxe3 Qf4 23. Bc4+ Kg7 24. Qb2+ Kh6 25. Re7 Rab8 26. Qg7+ Kg5 27. h4+ Kf5 28. Bd3+ Kg4 29. Rc4 Be4 30. f3+ Kg3 31. Rcxe4 Qc1+ 32. Bf1 Rf4 33. Qe5 h6 34. Rxf4 Qxf4 35. Qe1# 1-0

[Event "Santiago de Compostela Bicapawn GP Rap"]
[Site "Santiago de Compostela"]
[Date "2022.10.22"]
[Round "1"]
[White "Vazquez Alexandrouski, Miguel Arturo"]
[Black "Guerrero Olmos, Sergio"]
[Result "0-1"]
[WhiteElo "1367"]
[BlackElo "2372"]
[PlyCount "58"]
[EventDate "2022.10.22"]
[EventType "swiss (rapid)"]
[EventRounds "9"]
[EventCountry "ESP"]
[SourceTitle "CBM 210 Extra"]
[Source "ChessBase"]
[SourceDate "2022.11.30"]
[SourceVersion "1"]
[SourceVersionDate "2022.11.30"]
[SourceQuality "1"]

1. e4 e6 2. d4 d5 3. Nc3 Bb4 4. e5 c5 5. a3 Bxc3+ 6. bxc3 Qa5 7. Bd2 Qa4 8. Qg4 Kf8 9. Qh4 Ne7 10. Nf3 Nbc6 11. g4 Qxc2 12. Rc1 Qe4+ 13. Be2 b6 14. Rf1 Ba6 15. Ng1 Bxe2 16. Nxe2 Ng6 17. Qg3 h5 18. gxh5 Rxh5 19. f3 Qh4 20. Nf4 Nxf4 21. Bxf4 Qxg3+ 22. hxg3 Ke7 23. g4 Rhh8 24. c4 Nxd4 25. cxd5 exd5 26. Bg5+ Kd7 27. Rd1 Rh2 28. Rd3 Re8 29. f4 f6 0-1

[Event "Santiago de Compostela Bicapawn GP B2"]
[Site "Santiago de Compostela"]
[Date "2022.10.20"]
[Round "8"]
[White "Fernandez Garcia, Gumersindo"]
[Black "Guerrero Olmos, Sergio"]
[Result "1-0"]
[WhiteElo "2172"]
[BlackElo "2372"]
[PlyCount "59"]
[EventDate "2022.10.20"]
[EventType "swiss (blitz)"]
[EventRounds "9"]
[EventCountry "ESP"]
[SourceTitle "CBM 210 Extra"]
[Source "ChessBase"]
[SourceDate "2022.11.30"]
[SourceVersion "1"]
[SourceVersionDate "2022.11.30"]
[SourceQuality "1"]

1. d4 d5 2. Bf4 e6 3. e3 Bd6 4. Qg4 Qf6 5. Bxd6 cxd6 6. Nc3 Nh6 7. Qh3 Nc6 8. Nb5 Qe7 9. a3 e5 10. Qg3 0-0 11. Nc3 Be6 12. 0-0-0 Rfd8 13. Bb5 Rac8 14. Bxc6 Nf5 15. Qf3 bxc6 16. g4 Nh4 17. Qg3 Ng6 18. f4 exf4 19. exf4 f5 20. Re1 Qf7 21. Nf3 c5 22. Ng5 Qf6 23. Nxe6 Re8 24. Nxd5 Qf7 25. Nec7 Rxe1+ 26. Rxe1 Rxc7 27. Nxc7 Qxc7 28. gxf5 Nf8 29. f6 cxd4 30. Re7 1-0

[Event "Santiago de Compostela Bicapawn GP B1"]
[Site "Santiago de Compostela"]
[Date "2022.10.19"]
[Round "9"]
[White "Guerrero Olmos, Sergio"]
[Black "Strikovic, Aleksa"]
[Result "0-1"]
[WhiteElo "2372"]
[BlackElo "2484"]
[PlyCount "63"]
[EventDate "2022.10.19"]
[EventType "swiss (blitz)"]
[EventRounds "9"]
[EventCountry "ESP"]
[SourceTitle "EXT 2024"]
[Source "ChessBase"]
[SourceDate "2023.10.10"]
[SourceVersion "1"]
[SourceVersionDate "2023.10.10"]
[SourceQuality "1"]

1. d4 d6 2. Nf3 g6 3. Bf4 Bg7 4. e3 Nd7 5. h3 e5 6. Bh2 Nh6 7. c4 0-0 8. Nc3 c6 9. Be2 f5 10. 0-0 g5 11. dxe5 dxe5 12. Qc2 Qe7 13. Rfd1 g4 14. hxg4 Nxg4 15. b4 Nxh2 16. Nxh2 Qxb4 17. Rab1 Qe7 18. Nf3 Nc5 19. Na4 Nxa4 20. Qxa4 e4 21. Nd4 f4 22. exf4 Rxf4 23. Nxc6 Qc5 24. Rd8+ Rf8 25. Rxf8+ Bxf8 26. Na5 e3 27. Rb5 exf2+ 28. Kf1 Qe3 29. c5 Be6 30. Rxb7 Bxc5 31. Rb1 Qh6 32. Bc4 0-1

[Event "Titled Tuesday intern op 11th Oct Early"]
[Site "Chess.com INT"]
[Date "2022.10.11"]
[Round "3"]
[White "Durarbayli, Vasif"]
[Black "Guerrero Olmos, Sergio"]
[Result "1-0"]
[WhiteElo "2612"]
[BlackElo "2372"]
[PlyCount "113"]
[EventDate "2022.10.11"]
[EventType "swiss (blitz)"]
[EventRounds "11"]
[EventCountry "USA"]
[SourceTitle "EXT 2024"]
[Source "ChessBase"]
[SourceDate "2023.10.10"]
[SourceVersion "1"]
[SourceVersionDate "2023.10.10"]
[SourceQuality "1"]

1. e4 e6 2. d4 d5 3. Nc3 Bb4 4. e5 c5 5. a3 Bxc3+ 6. bxc3 Qa5 7. Bd2 Qa4 8. h4 Ne7 9. h5 h6 10. Nf3 b6 11. Rh4 Nf5 12. Rf4 Ba6 13. dxc5 Qc6 14. cxb6 axb6 15. Bd3 Nd7 16. c4 Bxc4 17. Bxf5 exf5 18. Nd4 Qc7 19. Rxf5 0-0 20. f4 Nc5 21. Kf2 Ne4+ 22. Kf3 f6 23. Bb4 Rfe8 24. e6 Rac8 25. g4 Kh7 26. Qg1 Nd6 27. Bxd6 Qxd6 28. g5 fxg5 29. fxg5 Rf8 30. Qg4 Qe5 31. gxh6 Rxf5+ 32. Qxf5+ Qxf5+ 33. Nxf5 Rf8 34. Kg4 Be2+ 35. Kf4 gxh6 36. e7 Re8 37. Re1 Bxh5 38. Nd6 Ra8 39. e8Q Bxe8 40. Nxe8 Rxa3 41. Nf6+ Kg6 42. Nxd5 Ra2 43. Re2 b5 44. Rg2+ Kf7 45. Ke5 h5 46. Rh2 h4 47. Nb4 Rb2 48. Rxh4 Kg6 49. Kd5 Kg5 50. Rd4 Kf5 51. Kc5 Ke5 52. Rh4 Ke6 53. Kxb5 Kd7 54. Rh6 Kc7 55. Rc6+ Kb7 56. Rc3 Ka7 57. Rb3 1-0

[Event "Titled Tuesday intern op 11th Oct Early"]
[Site "Chess.com INT"]
[Date "2022.10.11"]
[Round "1"]
[White "Guerrero Olmos, Sergio"]
[Black "Dilmukhametov, Artur"]
[Result "1-0"]
[WhiteElo "2372"]
[BlackElo "2276"]
[PlyCount "67"]
[EventDate "2022.10.11"]
[EventType "swiss (blitz)"]
[EventRounds "11"]
[EventCountry "USA"]
[SourceTitle "EXT 2024"]
[Source "ChessBase"]
[SourceDate "2023.10.10"]
[SourceVersion "1"]
[SourceVersionDate "2023.10.10"]
[SourceQuality "1"]

1. d4 Nf6 2. Nf3 g6 3. Bf4 Bg7 4. e3 0-0 5. Be2 d6 6. h3 Nbd7 7. 0-0 c5 8. c3 cxd4 9. exd4 Re8 10. Nbd2 Nh5 11. Bh2 e5 12. Nc4 exd4 13. Nxd4 Ne5 14. Nb5 d5 15. Ncd6 Re7 16. Bxh5 gxh5 17. Qxh5 a6 18. Nxc8 Rxc8 19. Nd4 Ng6 20. Nf5 Re6 21. Rad1 Qa5 22. Rxd5 Qxa2 23. Rd2 Rce8 24. Nxg7 Kxg7 25. Bg3 Re1 26. Rd1 Rxf1+ 27. Rxf1 Qxb2 28. Qc5 a5 29. Qxa5 b5 30. h4 Qd2 31. h5 Ne7 32. Qxb5 Qxc3 33. Be5+ Kf8 34. Bxc3 1-0

[Event "Titled Tuesday intern op 04th Oct Early"]
[Site "Chess.com INT"]
[Date "2022.10.04"]
[Round "8"]
[White "Alexikov, Alexander"]
[Black "Guerrero Olmos, Sergio"]
[Result "0-1"]
[WhiteElo "2223"]
[BlackElo "2372"]
[PlyCount "54"]
[EventDate "2022.10.04"]
[EventType "swiss (blitz)"]
[EventRounds "11"]
[EventCountry "USA"]
[SourceTitle "EXT 2023"]
[Source "ChessBase"]
[SourceDate "2022.10.05"]
[SourceVersion "1"]
[SourceVersionDate "2022.10.05"]
[SourceQuality "1"]

1. e4 e6 2. d4 d5 3. Nc3 Bb4 4. Nge2 Nf6 5. e5 Nfd7 6. a3 Be7 7. f4 c5 8. dxc5 f6 9. Nd4 Nxc5 10. Bb5+ Bd7 11. exf6 Bxf6 12. Be3 0-0 13. Bxd7 Qxd7 14. Qg4 Nc6 15. 0-0-0 Rac8 16. Rhe1 Na5 17. Nde2 Nc4 18. Bd4 Qc6 19. Bxc5 Qxc5 20. Qxe6+ Kh8 21. Rxd5 Qf2 22. Red1 Rfe8 23. Qh3 Nxb2 24. Rh5 Qe3+ 25. Qxe3 Rxe3 26. Kxb2 Rxe2 27. Rc5 Rxc5 0-1

[Event "Titled Tuesday intern op 04th Oct Early"]
[Site "Chess.com INT"]
[Date "2022.10.04"]
[Round "4"]
[White "Guerrero Olmos, Sergio"]
[Black "Carrasco Miranda, Andres"]
[Result "0-1"]
[WhiteElo "2372"]
[BlackElo "2283"]
[PlyCount "54"]
[EventDate "2022.10.04"]
[EventType "swiss (blitz)"]
[EventRounds "11"]
[EventCountry "USA"]
[SourceTitle "EXT 2023"]
[Source "ChessBase"]
[SourceDate "2022.10.05"]
[SourceVersion "1"]
[SourceVersionDate "2022.10.05"]
[SourceQuality "1"]

1. d4 Nf6 2. Nf3 g6 3. Bf4 Bg7 4. e3 0-0 5. Be2 c5 6. 0-0 d6 7. Nbd2 cxd4 8. exd4 Nc6 9. c3 Bf5 10. Qb3 Qb6 11. Qxb6 axb6 12. Nc4 b5 13. Ne3 b4 14. d5 bxc3 15. dxc6 cxb2 16. Nxf5 bxa1Q 17. Nxe7+ Kh8 18. Rxa1 bxc6 19. Bxd6 Nd5 20. Nxd5 Bxa1 21. Bxf8 cxd5 22. Bc5 Rxa2 23. Kf1 Kg7 24. Bd4+ Bxd4 25. Nxd4 Ra1+ 26. Bd1 Rxd1+ 27. Ke2 Rxd4 0-1

[Event "Titled Tuesday intern op 04th Oct Early"]
[Site "Chess.com INT"]
[Date "2022.10.04"]
[Round "1"]
[White "Guerrero Olmos, Sergio"]
[Black "Harsha, Bharathakoti"]
[Result "1-0"]
[WhiteElo "2372"]
[BlackElo "2582"]
[PlyCount "57"]
[EventDate "2022.10.04"]
[EventType "swiss (blitz)"]
[EventRounds "11"]
[EventCountry "USA"]
[SourceTitle "EXT 2023"]
[Source "ChessBase"]
[SourceDate "2022.10.05"]
[SourceVersion "1"]
[SourceVersionDate "2022.10.05"]
[SourceQuality "1"]

1. d4 d5 2. Nf3 e6 3. Bf4 Nf6 4. e3 Bd6 5. Bg3 c5 6. Bb5+ Nc6 7. 0-0 0-0 8. Nbd2 cxd4 9. exd4 Qc7 10. c3 Bd7 11. Qe2 Rab8 12. Rfe1 Ne7 13. Bd3 b5 14. Ne5 Ng6 15. a3 a5 16. h4 Ne7 17. Ndf3 Nf5 18. Bf4 b4 19. axb4 axb4 20. Rac1 bxc3 21. bxc3 Rfe8 22. c4 dxc4 23. Rxc4 Qa7 24. Ng5 Nd5 25. Qh5 Nh6 26. Bxh7+ Kf8 27. Ng6+ fxg6 28. Bxd6+ Ne7 29. Qxg6 1-0

[Event "Titled Tuesday intern op 04th Oct Early"]
[Site "Chess.com INT"]
[Date "2022.10.04"]
[Round "7"]
[White "Leve, Nitai D"]
[Black "Guerrero Olmos, Sergio"]
[Result "0-1"]
[WhiteElo "2128"]
[BlackElo "2372"]
[PlyCount "82"]
[EventDate "2022.10.04"]
[EventType "swiss (blitz)"]
[EventRounds "11"]
[EventCountry "USA"]
[SourceTitle "EXT 2023"]
[Source "ChessBase"]
[SourceDate "2022.10.05"]
[SourceVersion "1"]
[SourceVersionDate "2022.10.05"]
[SourceQuality "1"]

1. e4 e6 2. d4 d5 3. e5 c5 4. c3 Nc6 5. Nf3 Qb6 6. dxc5 Bxc5 7. Qc2 Nh6 8. Bd3 Ng4 9. 0-0 Ngxe5 10. Nxe5 Nxe5 11. Be2 Bd7 12. Bf4 Ng6 13. Bg3 0-0 14. h4 Bb5 15. h5 Ne7 16. b4 Bxe2 17. bxc5 Qa6 18. Re1 Bxh5 19. Nd2 Bg6 20. Qd1 Rfc8 21. Nb3 Nf5 22. Be5 b6 23. cxb6 axb6 24. Nd4 Rc4 25. Nxf5 Bxf5 26. Qh5 Bg6 27. Qh2 Qa4 28. Bd4 Rac8 29. Qe5 Rxd4 30. cxd4 h6 31. Rac1 Rc4 32. Qb8+ Kh7 33. Qxb6 Rxd4 34. Rc8 Rg4 35. Qb8 Be4 36. Rh8+ Kg6 37. g3 Qxa2 38. Rxh6+ Kxh6 39. Qh8+ Bh7 40. Re5 Qa1+ 41. Kh2 Qxe5 0-1

[Event "Titled Tuesday intern op 04th Oct Early"]
[Site "Chess.com INT"]
[Date "2022.10.04"]
[Round "3"]
[White "Makhnev, Denis"]
[Black "Guerrero Olmos, Sergio"]
[Result "1-0"]
[WhiteElo "2481"]
[BlackElo "2372"]
[PlyCount "101"]
[EventDate "2022.10.04"]
[EventType "swiss (blitz)"]
[EventRounds "11"]
[EventCountry "USA"]
[SourceTitle "EXT 2023"]
[Source "ChessBase"]
[SourceDate "2022.10.05"]
[SourceVersion "1"]
[SourceVersionDate "2022.10.05"]
[SourceQuality "1"]

1. d4 d5 2. c4 Nc6 3. Nf3 Bg4 4. cxd5 Bxf3 5. gxf3 Qxd5 6. e3 e5 7. Nc3 Bb4 8. Bd2 Bxc3 9. bxc3 Nf6 10. c4 Qd6 11. d5 Nd8 12. Rb1 a5 13. Bd3 0-0 14. Qc2 b6 15. h4 Re8 16. h5 Nb7 17. Ke2 Nc5 18. Bf5 e4 19. Bc3 exf3+ 20. Kxf3 Nfe4 21. Ba1 Qh6 22. Rbg1 f6 23. Rg4 Ng5+ 24. Kg2 Re7 25. Bd4 Nb7 26. f4 Nf7 27. Be6 Rae8 28. Rg6 Rxe6 29. dxe6 Rxe6 30. Rxh6 Nxh6 31. c5 b5 32. Qb3 Kf7 33. Qxb5 Nd8 34. Qxa5 Re7 35. Qb5 Nf5 36. Qd3 Nh6 37. a4 Ne6 38. Kf3 Rd7 39. Qc4 Nf5 40. Rd1 Ke7 41. c6 Rd6 42. a5 g5 43. hxg6 hxg6 44. a6 g5 45. a7 g4+ 46. Kf2 g3+ 47. Kf3 g2 48. Kxg2 Rxd4 49. Rxd4 Nxe3+ 50. Kf3 Nxc4 51. Rxc4 1-0